000 00584nam a2200181Ia 4500
003 OSt
005 20240326115847.0
008 210210b1926 xxu||||| |||| 00| 0 eng d
040 _cAL
041 _aKannada
082 _a852/239
100 _aGURU BASAVAPPA FAKIRAPPA ಗುರು ಬಸವಪ್ಪಾ ಫಕೀರಪ್ಪ
_9156930
245 _aGanadasi Virannanavara Vachanagalu
_bಗಾಣದಾಸಿ ವೀರಣ್ಣನವರ ವಚನಗಳು
260 _aVijapura
_bNot Mentioned
_c1926
690 _aKannada Prose
_9156931
906 _a018807
942 _2ddc
_cBK
999 _c142361
_d142361